000 00268nam a22001217a 4500
008 180517b xxu||||| |||| 00| 0 eng d
041 _aeng
080 _a043.3
100 _a0
101 _aSHKI-MA
245 _aQOS of IPV 6 over IPV 4
_cDobreva, N
942 _2udc
_cBK
999 _c45870
_d45870